Sztuka Starożytnej Grecji - Statystyki

Ogólne statystyki
  • Ten quiz został rozwiązany 26 razy
  • Średni wynik to 7 z 39
Statystyki odpowiedzi
Obrazkowy Hint Odpowiedź % Poprawnych
3.Hellenistyczny (130-100r.p.n.e) Wenus z Milo
65%
2.Klasyczny (5Wp.n.e) Akropol
59%
2.Klasyczny (5W.p.n.e) Twórca i nazwa Myron- Dyskobol
53%
2.Klasyczny (5W.p.n.e) Partenon
53%
Styl Czarnofigurowy
41%
Styl Czerwonofigurowy
41%
3.Hellenistyczny (3-2Wp.n.e) Nike z Samotraki
41%
Styl Orientalizujący
35%
3.Hellenistyczny (3Wp.n.e) Umierający Gal
35%
Styl Geometryczny
29%
3.Hellenistyczny (2Wp.n.e-1Wn.e) Grupa Laokoona
29%
2.Klasyczny (5Wp.n.e) woźnica z Delf | Auriga z Delf
29%
1.Okres archaiczny(9W-6Wp.n.e) Moschoforos
24%
2.Klasyczny (5W.p.n.e) Twórca i nazwa Poliklet- Doryforos
24%
3.Hellenistyczny (2Wp.n.e) Chłopiec z Gęsią | Chłopiec duszący Gęś
18%
2.Klasyczny (5W.p.n.e) Erechtejon
18%
2.Klasyczny (5W.p.n.e) Twórca i nazwa Fidiasz- Atena partenos
18%
3.Hellenistyczny(180-160r.p.n.e) Ołtarz pergamoński
18%
3.Hellenistyczny (3Wp.n.e) Gal zabijający żone i siebie
12%
2.Klasyczny (4W.p.n.e) Twórca i nazwa Praksyteles- Hermes z małym Dionizosem
12%
2.Klasyczny (4W.p.n.e) Twórca i nazwa Skopas- Bachantka
12%
2.Klasyczny (5W.p.n.e) Świątynia Ateny Nike
12%
1.Okres archaiczny(9W-6Wp.n.e) Apollo z Tenel
6%
2.Klasyczny (4W.p.n.e) Artemida z Luwru
6%
1.Okres archaiczny(9W-6Wp.n.e) Twórca i nazwa Eksekias- Achilles i Ajaks grający w kości
6%
2.Klasyczny (5W.p.n.e) Twórca i nazwa Fidiasz- Nike zawiązująca sandał
6%
2.Klasyczny (5W.p.n.e) Twórca i nazwa Fidiasz- Procesja panatejska
6%
1.Okres archaiczny(9W-6Wp.n.e) Kora z Akropolu
6%
2.Klasyczny (4W.p.n.e) Twórca i nazwa Lizyp- Aleksander Wielki
6%
2.Klasyczny (5W.p.n.e) Propyleje
6%
3.Hellenistyczny (1Wp.n.e) Spinario
6%
2.Klasyczny (4W.p.n.e) Teatr w Delfach
6%
3.Hellenistyczny (100r.p.n.e) Byk farnezyjski
0%
2.Klasyczny (5W.p.n.e) Twórca i nazwa Fidiasz- Posąg Zeusa w Olimpi
0%
2.Klasyczny (5W.p.n.e) Ganek Kor w Erechtejonie
0%
1.Okres archaiczny(9W-6Wp.n.e)Twórca i nazwa Klitias i Ergotimos- waza Francois
0%
1.Okres archaiczny(9W-6Wp.n.e) Kuros z Anavissos
0%
2.Klasyczny (4W.p.n.e) Twórca i nazwa Praksyteles- Afrodyta z Knidos
0%
2.Klasyczny (4W.p.n.e) Twórca i nazwa Praksyteles- Apollo Sauroktonos
0%
Nie znaleziono quizów pasujących do podanych kryteriów
Rozkład punktacji
Procent ludzi z każdym wynikiem
Percentyl według liczby udzielonych odpowiedzi
Twoja historia wyników
Nie rozwiązałeś tego quizu